000 00643nam a2200181Ia 4500
003 GCL
008 140319s9999 xx 000 0 ara d
040 _aGCL /
_cGCL
082 0 4 _aط
_b273.218
_bس د
100 1 _aسمر اليسير
245 1 0 _aدليل مصور للاهل والعاملين مع الاطفال :
_bكف البصر وصعوبات الرؤية /
_cسمر اليسير
260 _aبيروت :
_bورشة الموارد العربية
300 _a72 ص ؛
_c30 سم
650 0 4 _aالاطفال
650 0 4 _aالاطفال بطيئو التعلم
650 0 4 _aالاطفال المكفوفين
942 _2ddc
_cBK
999 _c6464
_d6464